| 000 | 00441nam a22001697a 4500 | ||
|---|---|---|---|
| 020 | _a0947766502 | ||
| 020 | _a0947766510 | ||
| 020 | _a0947766529 | ||
| 082 |
_a796.358030 _bENG _cN-1, P-41 |
||
| 100 |
_aEngel, Matthew _945670 |
||
| 245 | _aWisden cricketers almanack | ||
| 260 |
_aSurrey, _bJohn Wisden & Co Ltd, _c1999. |
||
| 300 | _a1520 P, : | ||
| 526 |
_a0 _b0 _c0 _d796_358030000000000_ENG |
||
| 650 |
_aMCE _9379 |
||
| 942 |
_2ddc _cBK |
||
| 999 |
_c549147 _d549147 |
||